01505nab a2200205uuc4500001000800000005001700008008004100025035001200066035002100078040001300099041000800112100004100120245011500161520075900276650002001035650003401055650001501089650002201104773017301126119451520241213142033.0100324e20090901 spa  a1194515 a(OCoLC)820533394 ccomduadb aspa10aPoveda Jaramillo, Germán4auteaut10aEscala de información, escala de fluctuación y entropía de las lluvias en el Valle de Aburrá, Colombia3 aUno de los mayores retos de las geociencias actuales es el entendimiento, diagnostico y pronostico de la lluvia sobre regiones tropicales de montaña. Un caso paradigmático es el de la lluvia en los Andes de Colombia, debido a su alta variabilidad espacio-temporal causada por: (i) altos gradientes topográficos en las tres cordilleras de los Andes que cruzan a Colombia de suroeste a noreste, (ii) la influencia climática de las cuencas de los ríos Amazonas y Orinoco, (iii) la influencia de los patrones de circulación atmosféricos sobre el mar Caribe y los océanos Pacífico y Atlántico circundantes, y (iv) las fuertes interacciones de los procesos hidrológicos que suceden en la interfaz suelo-atmósfera (Poveda et al., 2006). aPrecipitación aValle de Aburrá (Antioquia) aEntropía aAndes colombianos0 tRevista de la Academia Colombiana de Ciencias Exactas, Físicas y Naturales (Bogotá)gVolumen 33, Número 128, Septiembre 2009, p. 339-356w100681x0370-3908093888